000 00519nam a2200181 4500
005 20250915152827.0
008 250915b |||||||| |||| 00| 0 eng d
040 _aMAIN
082 _a658.45
_bS11I
100 _aShachie
245 _aImpact of psychological contract on organizational citizenship behaviour in insurance sector
260 _bDepartment of IMSAR, M D University, Rohtak
_c2024
300 _axi, 177
650 _aManagement
650 _aOrganization Behaviour
700 _aSapna
942 _cTH
999 _c393516
_d393516